[Event "NED-ch U20 Girls"]
[Site "Assen"]
[Date "2017.04.27"]
[Round "5"]
[White "Dubbeldam, Lydia"]
[Black "Waardenburg, Lisanne"]
[Result "0-1"]
[WhiteElo "1755"]
[BlackElo "1787"]
[PlyCount "98"]
[EventDate "2017.04.23"]
[EventType "tourn"]
[EventRounds "7"]
[EventCountry "NED"]
[SourceTitle "EXT 2018"]
[Source "ChessBase"]
[SourceDate "2017.10.13"]
[SourceVersion "1"]
[SourceVersionDate "2017.10.13"]
[SourceQuality "1"]

1. e4 c5 2. Nf3 d6 3. d4 cxd4 4. Nxd4 Nf6 5. Nc3 a6 6. a4 e6 7. Nf3 Qc7 8. Be2 Be7 9. 0-0 0-0 10. Bf4 Nbd7 11. Re1 b6 12. Nd2 Bb7 13. Bc4 Rfd8 14. b3 Qc5 15. Qf3 Ne5 16. Qe2 Nxc4 17. Nxc4 b5 18. Be3 Qc6 19. Nb6 Qxc3 20. Nxa8 Bxa8 21. f3 Bc6 22. Qd3 Qxd3 23. cxd3 Nd7 24. axb5 Bxb5 25. d4 e5 26. d5 h6 27. Rab1 Nc5 28. b4 Nd3 29. Red1 Rc8 30. Rd2 Rc3 31. Rbd1 Nxb4 32. Bb6 Nd3 33. Ba5 Ra3 34. Bc7 g6 35. g3 f5 36. Kg2 fxe4 37. fxe4 Nc5 38. Re1 Rc3 39. Bb6 Ra3 40. Bxc5 dxc5 41. d6 Bd8 42. Rd5 c4 43. Rxe5 c3 44. Rc5 Ra2+ 45. Kh1 Rd2 46. e5 c2 47. e6 Rd1 48. Rg1 Rxd6 49. Rc8 Bc6+ 0-1

[Event "NED-ch U20 Girls"]
[Site "Assen"]
[Date "2017.04.26"]
[Round "4"]
[White "De Jong, Eliza"]
[Black "Dubbeldam, Lydia"]
[Result "1/2-1/2"]
[WhiteElo "1579"]
[BlackElo "1755"]
[PlyCount "112"]
[EventDate "2017.04.23"]
[EventType "tourn"]
[EventRounds "7"]
[EventCountry "NED"]
[SourceTitle "EXT 2018"]
[Source "ChessBase"]
[SourceDate "2017.10.13"]
[SourceVersion "1"]
[SourceVersionDate "2017.10.13"]
[SourceQuality "1"]

1. e4 e6 2. d4 d5 3. exd5 exd5 4. Bd3 Bd6 5. Ne2 Ne7 6. Bf4 0-0 7. 0-0 Bf5 8. Re1 Nbc6 9. c3 Bxd3 10. Qxd3 Ng6 11. Bxd6 Qxd6 12. Qg3 Rad8 13. Na3 a6 14. Nc2 Nce7 15. Ne3 f5 16. Qxd6 Rxd6 17. f4 Re6 18. Kf2 Rff6 19. g3 Nf8 20. Ng1 Re4 21. Nf3 h6 22. Re2 c6 23. a4 Nc8 24. a5 Nd6 25. Ne5 g5 26. Ng2 Ng6 27. Kf3 Re6 28. Rae1 Kg7 29. h4 Nb5 30. h5 Nxe5+ 31. fxe5 Re8 32. Ne3 Rf8 33. Nd1 Kf7 34. Nf2 Rxe2 35. Rxe2 Nc7 36. Nd3 Ne6 37. g4 fxg4+ 38. Kxg4 Ke7 39. Rf2 Rxf2 40. Nxf2 Nf4 41. Nd1 Ke6 42. Ne3 c5 43. Nf5 Nxh5 44. Nxh6 Nf4 45. Kxg5 Nd3 46. b3 cxd4 47. cxd4 Nc1 48. b4 Nd3 49. Nf5 Nxb4 50. Nd6 Nc6 51. Nxb7 Nxd4 52. Kf4 Nb3 53. Nd8+ Kd7 54. Nb7 Ke6 55. Nd8+ Kd7 56. Nb7 Ke6 1/2-1/2

[Event "NED-ch U20 Girls"]
[Site "Assen"]
[Date "2017.04.25"]
[Round "3"]
[White "Dubbeldam, Lydia"]
[Black "Waardenburg, Feline"]
[Result "0-1"]
[WhiteElo "1755"]
[BlackElo "1596"]
[PlyCount "94"]
[EventDate "2017.04.23"]
[EventType "tourn"]
[EventRounds "7"]
[EventCountry "NED"]
[SourceTitle "EXT 2018"]
[Source "ChessBase"]
[SourceDate "2017.10.13"]
[SourceVersion "1"]
[SourceVersionDate "2017.10.13"]
[SourceQuality "1"]

1. e4 c6 2. d4 d5 3. e5 Bf5 4. Nc3 e6 5. g4 Bg6 6. h4 h5 7. g5 Nd7 8. Nge2 Ne7 9. Nf4 Qc7 10. Be2 0-0-0 11. b4 Be4 12. f3 Bf5 13. Rb1 g6 14. b5 Nb6 15. Kf2 c5 16. Be3 Nc4 17. Bxc4 dxc4 18. b6 axb6 19. Nb5 cxd4 20. Bxd4 Rxd4 21. Qxd4 Nc6 22. Qxc4 Bc5+ 23. Kg2 Qxe5 24. Rhe1 Qb8 25. Nd3 Rd8 26. Rbd1 Be7 27. f4 Bg4 28. Rb1 Rd5 29. Ne5 Rc5 30. Qd3 Rd5 31. Qe3 Bc5 32. Qc3 Bf5 33. Kg3 Qa8 34. Ra1 Qa4 35. Rab1 Bxc2 36. Rbc1 Bf5 37. Nxf7 Rd3+ 38. Qxd3 Bxd3 39. Nbd6+ Bxd6 40. Nxd6+ Kd7 41. Rcd1 Kxd6 42. Rxd3+ Ke7 43. Rde3 Nd4 44. Re4 Nf5+ 45. Kf2 Qxa2+ 46. R1e2 Qd5 47. Re5 Qc6 0-1

[Event "NED-ch U20 Girls"]
[Site "Assen"]
[Date "2017.04.24"]
[Round "2"]
[White "Naber, Quirine"]
[Black "Dubbeldam, Lydia"]
[Result "1/2-1/2"]
[WhiteElo "1790"]
[BlackElo "1755"]
[PlyCount "35"]
[EventDate "2017.04.23"]
[EventType "tourn"]
[EventRounds "7"]
[EventCountry "NED"]
[SourceTitle "EXT 2018"]
[Source "ChessBase"]
[SourceDate "2017.10.13"]
[SourceVersion "1"]
[SourceVersionDate "2017.10.13"]
[SourceQuality "1"]

1. e4 e6 2. d4 d5 3. Nc3 Nf6 4. e5 Nfd7 5. f4 c5 6. Nf3 Nc6 7. Be3 cxd4 8. Nxd4 Bc5 9. Qd2 a6 10. Bf2 Nxd4 11. Bxd4 Qc7 12. Rd1 b5 13. g3 0-0 14. Qe3 Bb7 15. Bd3 Rac8 16. Kf2 Bxd4 17. Qxd4 Qc5 18. Ne2 1/2-1/2

[Event "BEL-ch U18"]
[Site "Blankenberge"]
[Date "2017.04.15"]
[Round "9"]
[White "Temmerman, Sander"]
[Black "Dubbeldam, Lydia"]
[Result "1/2-1/2"]
[WhiteElo "1659"]
[BlackElo "1755"]
[PlyCount "33"]
[EventDate "2017.04.09"]
[EventType "swiss"]
[EventRounds "9"]
[EventCountry "BEL"]
[SourceTitle "CBM 178 Extra"]
[Source "ChessBase"]
[SourceDate "2017.06.22"]
[SourceVersion "1"]
[SourceVersionDate "2017.06.22"]
[SourceQuality "1"]

1. e4 e6 2. d4 d5 3. exd5 exd5 4. Nf3 Bd6 5. Bd3 Nf6 6. 0-0 0-0 7. Bg5 Bg4 8. Nbd2 Nbd7 9. c3 c6 10. Qc2 Qc7 11. Rfe1 Rfe8 12. Bh4 h6 13. Bg3 Nh5 14. Bxd6 Qxd6 15. h3 Bxf3 16. Nxf3 Nf4 17. Rxe8+ 1/2-1/2

[Event "BEL-ch U18"]
[Site "Blankenberge"]
[Date "2017.04.11"]
[Round "4"]
[White "Dubbeldam, Lydia"]
[Black "Gitu, Paula Alexandra"]
[Result "0-1"]
[WhiteElo "1755"]
[BlackElo "1991"]
[PlyCount "70"]
[EventDate "2017.04.09"]
[EventType "swiss"]
[EventRounds "9"]
[EventCountry "BEL"]
[SourceTitle "CBM 178 Extra"]
[Source "ChessBase"]
[SourceDate "2017.06.22"]
[SourceVersion "1"]
[SourceVersionDate "2017.06.22"]
[SourceQuality "1"]

1. e4 d6 2. d4 Nf6 3. Nc3 e5 4. Nf3 Nbd7 5. Bc4 Be7 6. 0-0 0-0 7. Re1 c6 8. a4 Qc7 9. Bb3 b6 10. h3 Bb7 11. Nh4 Rfe8 12. Nf5 Bf8 13. Bg5 h6 14. Bc1 exd4 15. Qxd4 d5 16. Bd2 c5 17. Nb5 Qb8 18. Qe3 a6 19. Na3 Rxe4 20. Qg3 Qxg3 21. fxg3 Rae8 22. Rxe4 Nxe4 23. Bf4 Kh7 24. Rd1 Ndf6 25. c3 g6 26. Ne3 c4 27. Naxc4 dxc4 28. Bxc4 Kg7 29. Nc2 Bc5+ 30. Kf1 Nh5 31. Rd3 Nxf4 32. gxf4 Nd6 33. Bd5 Bxd5 34. Rxd5 Nf5 35. Rd3 Re4 0-1

[Event "NED-ch U18 Girls"]
[Site "Rotterdam"]
[Date "2016.05.07"]
[Round "7"]
[White "Dubbeldam, Lydia"]
[Black "Naber, Quirine"]
[Result "1/2-1/2"]
[WhiteElo "1683"]
[BlackElo "1702"]
[PlyCount "46"]
[EventDate "2016.05.01"]
[EventType "tourn"]
[EventRounds "7"]
[EventCountry "NED"]
[SourceTitle "CBM 172 Extra"]
[Source "ChessBase"]
[SourceDate "2016.06.21"]
[SourceVersion "1"]
[SourceVersionDate "2016.06.21"]
[SourceQuality "1"]

1. e4 d6 2. d4 Nf6 3. Nc3 g6 4. Bc4 c6 5. Be2 Bg7 6. Nf3 b5 7. a3 0-0 8. 0-0 a6 9. Be3 Nbd7 10. Qd2 c5 11. e5 cxd4 12. Qxd4 Nxe5 13. Nxe5 dxe5 14. Qxe5 Ng4 15. Qe4 Nxe3 16. Qxe3 Bb7 17. Rad1 Qc7 18. Rd3 Rfd8 19. Rfd1 Rxd3 20. Rxd3 Rd8 21. Rxd8+ Qxd8 22. Nd1 Qc7 23. c3 Qe5 1/2-1/2

[Event "NED-ch U18 Girls"]
[Site "Rotterdam"]
[Date "2016.05.06"]
[Round "6"]
[White "Waardenburg, Lisanne"]
[Black "Dubbeldam, Lydia"]
[Result "0-1"]
[WhiteElo "1827"]
[BlackElo "1683"]
[PlyCount "96"]
[EventDate "2016.05.01"]
[EventType "tourn"]
[EventRounds "7"]
[EventCountry "NED"]
[SourceTitle "CBM 172 Extra"]
[Source "ChessBase"]
[SourceDate "2016.06.21"]
[SourceVersion "1"]
[SourceVersionDate "2016.06.21"]
[SourceQuality "1"]

1. e4 e6 2. d4 d5 3. Nc3 Nf6 4. Bg5 Bb4 5. e5 h6 6. Be3 Ne4 7. Qg4 Kf8 8. a3 Bxc3+ 9. bxc3 Bd7 10. Bd3 Nxc3 11. Nf3 c5 12. dxc5 Nc6 13. 0-0 Qc7 14. Rfe1 Rc8 15. Qf4 Ne7 16. Qb4 Na4 17. Rab1 Bc6 18. Qf4 Qa5 19. Bd2 Qc7 20. Bb4 a5 21. Nd4 Kg8 22. Bd2 Nxc5 23. Bb5 Ne4 24. Bc1 Ng6 25. Qe3 Bxb5 26. Rxb5 Nxe5 27. f3 Nc4 28. Qd3 Nc5 29. Qe2 Kh7 30. Kh1 Rhe8 31. g3 Qd7 32. Rb1 Qa4 33. Nb5 Red8 34. Nc3 Qc6 35. Rd1 Kg8 36. Nb5 Qa6 37. Nd4 Na4 38. Rb3 Nc5 39. Rb1 Rd6 40. Ra1 Qb6 41. a4 Qb4 42. Nb5 Rb6 43. c3 Qb3 44. Bxh6 Nxa4 45. Rdb1 Nab2 46. Na7 Ra8 47. Be3 Nxe3 48. Qxe3 Rxa7 0-1

[Event "NED-ch U21/U17 Girls"]
[Site "Rotterdam"]
[Date "2015.05.04"]
[Round "4"]
[White "Dubbeldam, Lydia"]
[Black "Mestrom, Sterre"]
[Result "1-0"]
[WhiteElo "1764"]
[BlackElo "1312"]
[PlyCount "89"]
[EventDate "2015.05.02"]
[EventType "swiss"]
[EventRounds "9"]
[EventCountry "NED"]
[SourceTitle "EXT 2016"]
[Source "ChessBase"]
[SourceDate "2015.10.08"]
[SourceVersion "1"]
[SourceVersionDate "2015.10.08"]
[SourceQuality "1"]

1. e4 d6 2. d4 g6 3. Nc3 Bg7 4. f4 e6 5. Nf3 Ne7 6. Be3 0-0 7. Be2 Bd7 8. Qd2 a6 9. e5 dxe5 10. fxe5 b5 11. Bg5 Bc6 12. 0-0 b4 13. Nd1 a5 14. Nf2 Qe8 15. Ng4 Nf5 16. Nf6+ Bxf6 17. Bxf6 Nd7 18. g4 Nxf6 19. exf6 Qd8 20. gxf5 Qxf6 21. fxg6 fxg6 22. Ne5 Qe7 23. Nxc6 Qd6 24. Bf3 Rfe8 25. Rae1 Ra6 26. Qe2 Rb6 27. Qe5 Qxe5 28. Rxe5 Ra6 29. d5 Kg7 30. Rxe6 Rf8 31. Re7+ Rf7 32. Rxf7+ Kxf7 33. Be2+ Kg7 34. Bxa6 a4 35. Nxb4 h5 36. Bb5 a3 37. bxa3 Kh6 38. Na6 Kg7 39. Nxc7 Kh6 40. d6 Kg7 41. d7 Kh6 42. d8Q h4 43. Qxh4+ Kg7 44. Ne6+ Kg8 45. Rf8# 1-0

[Event "NED-ch U21/U17 Girls"]
[Site "Rotterdam"]
[Date "2015.05.03"]
[Round "3"]
[White "Waardenburg, Lisanne"]
[Black "Dubbeldam, Lydia"]
[Result "1-0"]
[WhiteElo "1665"]
[BlackElo "1764"]
[PlyCount "55"]
[EventDate "2015.05.02"]
[EventType "swiss"]
[EventRounds "9"]
[EventCountry "NED"]
[SourceTitle "EXT 2016"]
[Source "ChessBase"]
[SourceDate "2015.10.08"]
[SourceVersion "1"]
[SourceVersionDate "2015.10.08"]
[SourceQuality "1"]

1. e4 e6 2. d4 d5 3. Nc3 Nf6 4. Bg5 Bb4 5. e5 h6 6. Be3 Ne4 7. Qg4 Nxc3 8. Qxg7 Rf8 9. a3 Nc6 10. axb4 Nxb4 11. Bd3 Ne4 12. Bxh6 Qe7 13. Qxf8+ Qxf8 14. Bxf8 Kxf8 15. h4 c5 16. Ne2 cxd4 17. Nxd4 Nxd3+ 18. cxd3 Nc5 19. Ke2 Bd7 20. h5 Kg7 21. g4 a6 22. Rac1 Rc8 23. b4 Na4 24. Rxc8 Bxc8 25. Rc1 Nb6 26. g5 Bd7 27. Rc7 Bc6 28. Nxe6+ 1-0

[Event "Vaujany op-B 6th"]
[Site "Vaujany"]
[Date "2015.??.??"]
[Round "2"]
[White "Dubbeldam, Lydia"]
[Black "Dreyfus, Jacques"]
[Result "1/2-1/2"]
[WhiteElo "1717"]
[BlackElo "1483"]
[PlyCount "66"]
[EventDate "2015.07.08"]
[EventType "swiss"]
[EventRounds "9"]
[EventCountry "FRA"]
[SourceTitle "EXT 2017"]
[Source "ChessBase"]
[SourceDate "2016.10.25"]
[SourceVersion "1"]
[SourceVersionDate "2016.10.25"]
[SourceQuality "1"]

1. e4 e5 2. Nf3 Nc6 3. d4 exd4 4. Nxd4 Nf6 5. Nxc6 bxc6 6. e5 Qe7 7. Qe2 Nd5 8. c4 Ba6 9. b3 g6 10. Bb2 Bg7 11. Nd2 Nb6 12. Ne4 0-0-0 13. Nf6 Bxf6 14. exf6 Qb4+ 15. Qd2 Rhe8+ 16. Be2 Qxd2+ 17. Kxd2 d5 18. Bg4+ Kb8 19. c5 Nd7 20. Bxd7 Re2+ 21. Kc1 Rxd7 22. Bd4 Rd8 23. Rd1 Rde8 24. g4 Re1 25. Rxe1 Rxe1+ 26. Kc2 Re4 27. Kc3 Rxg4 28. Re1 Re4 29. Rxe4 dxe4 30. Kd2 Bd3 31. Ke3 Bb1 32. a3 Bc2 33. b4 h5 1/2-1/2

[Event "Maastricht Limburg op-C 8th"]
[Site "Maastricht"]
[Date "2014.06.09"]
[Round "6"]
[White "Dubbeldam, Lydia"]
[Black "Van Rossum, Pia"]
[Result "1/2-1/2"]
[WhiteElo "1641"]
[BlackElo "1657"]
[PlyCount "67"]
[EventDate "2014.06.06"]
[EventType "swiss"]
[EventRounds "7"]
[EventCountry "NED"]
[SourceTitle "EXT 2015"]
[Source "ChessBase"]
[SourceDate "2014.11.20"]
[SourceVersion "1"]
[SourceVersionDate "2014.11.20"]
[SourceQuality "1"]

1. e4 d6 2. d4 g6 3. Bc4 Nf6 4. f3 Bg7 5. Nc3 0-0 6. Be3 Nc6 7. Qd2 Re8 8. Nge2 a6 9. 0-0-0 b5 10. Bb3 Na5 11. Bh6 Nxb3+ 12. cxb3 Bh8 13. g4 Bb7 14. h4 Nd7 15. h5 c5 16. hxg6 fxg6 17. dxc5 Nxc5 18. Ng3 Qa5 19. Kb1 Rac8 20. Nge2 b4 21. Nd5 e6 22. Nxb4 Nxe4 23. Qe1 Nf2 24. Qxf2 Qxb4 25. Rh3 a5 26. Qh2 Be5 27. f4 Be4+ 28. Ka1 Bd4 29. Nxd4 Qxd4 30. Qg1 Qxg1 31. Rxg1 Rc2 32. Rc3 Rc8 33. Rxc8+ Rxc8 34. Bg5 1/2-1/2

[Event "NED-ch U21/U17 Girls"]
[Site "Rotterdam"]
[Date "2014.04.26"]
[Round "1"]
[White "Verhoeff, Timardi"]
[Black "Dubbeldam, Lydia"]
[Result "1-0"]
[WhiteElo "1666"]
[BlackElo "1672"]
[PlyCount "49"]
[EventDate "2014.04.26"]
[EventType "swiss"]
[EventRounds "9"]
[EventCountry "NED"]
[SourceTitle "EXT 2016"]
[Source "ChessBase"]
[SourceDate "2015.10.08"]
[SourceVersion "1"]
[SourceVersionDate "2015.10.08"]
[SourceQuality "1"]

1. c4 f5 2. d4 d6 3. Nf3 Nf6 4. Nc3 g6 5. h3 Bg7 6. Bf4 0-0 7. e3 c6 8. Bd3 Qe8 9. Bh2 Nh5 10. Qb3 Kh8 11. Nd2 Na6 12. Be2 Nf6 13. 0-0 e5 14. Nf3 Ng8 15. Rad1 h6 16. Qa3 Qe6 17. dxe5 dxe5 18. Bxe5 Ne7 19. Bxg7+ Kxg7 20. Rd6 Qf7 21. Ne5 Qg8 22. c5 Kh7 23. Bxa6 bxa6 24. Nxc6 Nxc6 25. Rxc6 1-0

[Event "NED-ch U15 Girls"]
[Site "Haarlem"]
[Date "2012.05.05"]
[Round "8"]
[White "De Kraker, Lena"]
[Black "Dubbeldam, Lydia"]
[Result "1-0"]
[WhiteElo "995"]
[BlackElo "1349"]
[PlyCount "117"]
[EventDate "2012.04.28"]
[EventType "swiss"]
[EventRounds "9"]
[EventCountry "NED"]
[SourceTitle "EXT 2013"]
[Source "ChessBase"]
[SourceDate "2012.11.22"]
[SourceVersion "1"]
[SourceVersionDate "2012.11.22"]
[SourceQuality "1"]

1. e4 e6 2. d4 d5 3. exd5 exd5 4. c4 Bb4+ 5. Nc3 Qe7+ 6. Be3 dxc4 7. Bxc4 Nf6 8. a3 Bxc3+ 9. bxc3 Ng4 10. Qf3 0-0 11. Nh3 Nxe3 12. fxe3 Re8 13. 0-0 Rf8 14. Ra2 Be6 15. Bxe6 Qxe6 16. Rb2 Qc6 17. Qxc6 bxc6 18. e4 Nd7 19. Nf4 Rab8 20. Rfb1 Rxb2 21. Rxb2 Nb6 22. Nd3 f6 23. e5 fxe5 24. Nxe5 Rf6 25. c4 Rf5 26. Nxc6 Kf7 27. Ne5+ Kf6 28. c5 Nd5 29. Rb7 Ne3 30. Nf3 Nd5 31. Rxa7 Ke6 32. Rb7 Kd7 33. a4 Rf8 34. Rb1 Ra8 35. Ra1 Nc3 36. a5 Kc6 37. a6 Kb5 38. a7 Kc6 39. Re1 Nd5 40. Ne5+ Kb5 41. Rb1+ Ka6 42. Nc6 g6 43. Rb8 Rxa7 44. Nxa7 Kxa7 45. Rh8 Nf6 46. Rf8 Nd5 47. Rf7 h6 48. Rg7 g5 49. Rh7 Ka6 50. Rxh6+ Kb5 51. Rh5 Kc4 52. Rxg5 Kxd4 53. c6 Kc5 54. Kf2 Kxc6 55. h4 Kd6 56. h5 c5 57. Rg6+ Kd7 58. h6 Ne7 59. Rg7 1-0

[Event "NED-ch U13 Girls"]
[Site "Rijswijk"]
[Date "2011.06.04"]
[Round "8"]
[White "Dubbeldam, Lydia"]
[Black "Hogenkamp, Jessie"]
[Result "1/2-1/2"]
[WhiteElo "1267"]
[BlackElo "1223"]
[PlyCount "59"]
[EventDate "2011.06.02"]
[EventType "swiss"]
[EventRounds "9"]
[EventCountry "NED"]
[SourceTitle "EXT 2012"]
[Source "ChessBase"]
[SourceDate "2011.11.24"]
[SourceVersion "1"]
[SourceVersionDate "2011.11.24"]
[SourceQuality "1"]

1. e4 e5 2. Nf3 Nc6 3. d4 exd4 4. Nxd4 Bc5 5. Be3 Bxd4 6. Bxd4 Nf6 7. Nc3 0-0 8. Bc4 Re8 9. f3 d6 10. 0-0 Be6 11. Bb3 Bxb3 12. cxb3 Nxd4 13. Qxd4 Qd7 14. Rac1 a6 15. Rfd1 Qe6 16. Ne2 Re7 17. Nf4 Qe5 18. Nd5 Qxd4+ 19. Rxd4 Nxd5 20. Rxd5 Rd8 21. e5 Rxe5 22. Rxe5 dxe5 23. Rxc7 g6 24. Rxb7 Rd1+ 25. Kf2 Rd2+ 26. Kg3 Rxb2 27. a4 f5 28. Rb6 e4 29. fxe4 fxe4 30. Kf4 1/2-1/2

[Event "NED-ch U13 Girls"]
[Site "Rijswijk"]
[Date "2011.06.02"]
[Round "2"]
[White "Dubbeldam, Lydia"]
[Black "Van Rooden, Sarah"]
[Result "1-0"]
[WhiteElo "1267"]
[BlackElo "1081"]
[PlyCount "69"]
[EventDate "2011.06.02"]
[EventType "swiss"]
[EventRounds "9"]
[EventCountry "NED"]
[SourceTitle "EXT 2012"]
[Source "ChessBase"]
[SourceDate "2011.11.24"]
[SourceVersion "1"]
[SourceVersionDate "2011.11.24"]
[SourceQuality "1"]

1. e4 e5 2. Nf3 Nc6 3. d4 exd4 4. Nxd4 Nxd4 5. Qxd4 Nf6 6. Nc3 c6 7. Bc4 b5 8. Be2 d5 9. exd5 Nxd5 10. Nxd5 Be6 11. Be3 Qxd5 12. Bf3 Qd6 13. Qxd6 Bxd6 14. Bxc6+ Bd7 15. Bxa8 0-0 16. 0-0-0 Rxa8 17. Rxd6 Be6 18. Rhd1 h6 19. Rd8+ Rxd8 20. Rxd8+ Kh7 21. Bxa7 Bxa2 22. b3 f6 23. Kb2 Bxb3 24. Kxb3 Kg6 25. Kb4 Kf5 26. Kxb5 g5 27. c4 Ke5 28. c5 f5 29. Bb8+ Ke6 30. Rd6+ Ke5 31. Rxh6+ Kd5 32. c6 f4 33. c7 g4 34. c8Q f3 35. Qc4# 1-0

[Event "NED-ch U13 Girls"]
[Site "Rijswijk"]
[Date "2011.06.02"]
[Round "1"]
[White "Talsma, Selina"]
[Black "Dubbeldam, Lydia"]
[Result "0-1"]
[WhiteElo "795"]
[BlackElo "1267"]
[PlyCount "50"]
[EventDate "2011.06.02"]
[EventType "swiss"]
[EventRounds "9"]
[EventCountry "NED"]
[SourceTitle "EXT 2012"]
[Source "ChessBase"]
[SourceDate "2011.11.24"]
[SourceVersion "1"]
[SourceVersionDate "2011.11.24"]
[SourceQuality "1"]

1. e4 e6 2. Bd3 d5 3. exd5 exd5 4. Qe2+ Be7 5. Nf3 Nf6 6. 0-0 0-0 7. c4 Re8 8. Nc3 dxc4 9. Bxc4 Nc6 10. Bd3 Bc5 11. a3 Rxe2 12. Bxe2 Bf5 13. Nh4 Bg4 14. Bxg4 Nxg4 15. Ne4 Qxh4 16. h3 Bxf2+ 17. Nxf2 Nxf2 18. Rxf2 Re8 19. Kf1 Qe4 20. Re2 Qxe2+ 21. Kg1 Qe1+ 22. Kh2 Qf2 23. d3 Re1 24. b3 Ne5 25. d4 Nf3# 0-1